000 00526nam a22001817a 4500
999 _c181528
_d181528
005 20210923154420.0
010 _aENG-129959
020 _c595.00
_a9789353887391
035 _aEN-113491
037 _bDBAD/PUB
082 _a954.9206092
100 _aSobhan,Rehman
245 _aUntranquil Recollections :
_cRehman Sobhan
_bNation Building in post-liberation Bangladesh/
260 _bSage
_c2021
270 _bNew Delhi
_aBI/1-1 Mohan Cooperative Industrial Area
_e110044
300 _a348p.
_c25cm
942 _2ddc
_cEN
_mSOB